[Event "FIDE Chess.com Grand Swiss"]
[Site "Douglas"]
[Date "2019.10.10"]
[Round "1"]
[White "Allen, Keith"]
[Black "Nguyen, Ngoc Truong Son"]
[Result "0-1"]
[WhiteElo "2161"]
[BlackElo "2638"]
[PlyCount "68"]
[EventDate "2019.10.10"]
[EventType "swiss"]
[EventRounds "11"]
[EventCountry "IOM"]
[SourceTitle "CBM 193"]
[Source "ChessBase"]
[SourceDate "2019.12.31"]
[SourceVersion "1"]
[SourceVersionDate "2019.12.31"]
[SourceQuality "1"]

1. d4 Nf6 2. c4 g6 3. Nf3 Bg7 4. g3 0-0 5. Bg2 d6 6. 0-0 Nc6 7. Nc3 e5 8. dxe5 dxe5 9. h3 Be6 10. Qa4 h6 11. Be3 Qc8 12. Kh2 Nd7 13. Nd5 Kh7 14. Rad1 f5 15. Qc2 Rf7 16. a3 Nd8 17. b3 c6 18. Nc3 Qc7 19. Kg1 b6 20. Nh2 Nb7 21. f4 e4 22. Rd2 Nf6 23. g4 Rd8 24. Rxd8 Qxd8 25. gxf5 gxf5 26. Rd1 Rd7 27. Nf1 Rxd1 28. Qxd1 Qxd1 29. Nxd1 Na5 30. Nd2 Bf8 31. Bd4 Nh5 32. e3 Bxa3 33. Kf2 Bc1 34. Ke2 Nxb3 0-1

[Event "Douglas IoM op"]
[Site "Douglas"]
[Date "2018.10.28"]
[Round "9"]
[White "Zhukova, Natalia"]
[Black "Allen, Keith"]
[Result "1-0"]
[WhiteElo "2403"]
[BlackElo "2216"]
[PlyCount "39"]
[EventDate "2018.10.20"]
[EventType "swiss"]
[EventRounds "9"]
[EventCountry "ENG"]
[SourceTitle "CBM 187"]
[Source "ChessBase"]
[SourceDate "2018.12.11"]
[SourceVersion "1"]
[SourceVersionDate "2018.12.11"]
[SourceQuality "1"]

1. c4 e6 2. Nc3 d5 3. d4 Nf6 4. Bf4 c5 5. e3 cxd4 6. exd4 Be7 7. c5 0-0 8. Nf3 Nc6 9. Bb5 Ne4 10. 0-0 Nxc3 11. bxc3 Bd7 12. Rb1 Re8 13. Qc2 h6 14. Rfe1 Bf8 15. Re3 b6 16. Bxc6 Bxc6 17. Ne5 Rc8 18. cxb6 axb6 19. Rg3 g5 20. h4 1-0

[Event "Blackpool op 42nd"]
[Site "Blackpool"]
[Date "2018.03.11"]
[Round "5"]
[White "Allen, Keith"]
[Black "Moreby, James"]
[Result "0-1"]
[WhiteElo "2216"]
[BlackElo "2126"]
[PlyCount "72"]
[EventDate "2018.03.09"]
[EventType "swiss"]
[EventRounds "5"]
[EventCountry "ENG"]
[SourceTitle "CBM 183 Extra"]
[Source "ChessBase"]
[SourceDate "2018.04.19"]
[SourceVersion "1"]
[SourceVersionDate "2018.04.19"]
[SourceQuality "1"]

1. d4 d5 2. c4 e6 3. Nc3 c6 4. e3 f5 5. h3 Nf6 6. g4 Be7 7. Bd3 0-0 8. Nf3 Ne4 9. Bd2 Bh4 10. Nxh4 Qxh4 11. Bxe4 fxe4 12. Qe2 Na6 13. a3 Nc7 14. Rh2 Rf3 15. 0-0-0 Rxh3 16. Rxh3 Qxh3 17. Rg1 b6 18. b4 Ba6 19. b5 cxb5 20. cxb5 Bb7 21. g5 Rf8 22. g6 h6 23. Nd1 a6 24. Rg3 Qf5 25. a4 axb5 26. axb5 Rf6 27. Bb4 Rxg6 28. Bd6 Ne8 29. Be5 Rxg3 30. fxg3 Qf8 31. Qa2 Nd6 32. Qa7 Qc8+ 33. Kb1 Nc4 34. Nb2 Nxe3 35. Qxb6 Qc2+ 36. Ka1 Qxb2+ 0-1

[Event "Douglas IoM op"]
[Site "Douglas"]
[Date "2017.10.01"]
[Round "9"]
[White "Raja, Harshit"]
[Black "Allen, Keith"]
[Result "1-0"]
[WhiteElo "2423"]
[BlackElo "2231"]
[PlyCount "75"]
[EventDate "2017.09.23"]
[EventType "swiss"]
[EventRounds "9"]
[EventCountry "IOM"]
[SourceTitle "CBM 181"]
[Source "ChessBase"]
[SourceDate "2017.11.10"]
[SourceVersion "1"]
[SourceVersionDate "2017.11.10"]
[SourceQuality "1"]

1. e4 e5 2. Nf3 Nc6 3. Bb5 a6 4. Ba4 Nf6 5. 0-0 Be7 6. d3 d6 7. c3 0-0 8. Re1 b5 9. Bc2 Re8 10. Nbd2 Nb8 11. Nf1 Nbd7 12. Ng3 Bf8 13. Nf5 c5 14. h3 Qc7 15. N3h4 Bb7 16. Qf3 c4 17. Bg5 Re6 18. dxc4 bxc4 19. Rad1 Qa5 20. b4 cxb3 21. Bxb3 d5 22. exd5 e4 23. Qg3 Bxd5 24. c4 Bc6 25. Nh6+ Kh8 26. Nxf7+ Kg8 27. c5 Bd5 28. Bxd5 Nxd5 29. Nh6+ Kh8 30. Nf7+ Kg8 31. Nd8 Nxc5 32. Nxe6 Nxe6 33. Qb3 Nxg5 34. Qxd5+ Qxd5 35. Rxd5 h6 36. Nf5 Rc8 37. Ng3 Bb4 38. Re2 1-0

[Event "Douglas IoM op"]
[Site "Douglas"]
[Date "2017.09.25"]
[Round "3"]
[White "Basso, Pier Luigi"]
[Black "Allen, Keith"]
[Result "1-0"]
[WhiteElo "2460"]
[BlackElo "2231"]
[PlyCount "53"]
[EventDate "2017.09.23"]
[EventType "swiss"]
[EventRounds "9"]
[EventCountry "IOM"]
[SourceTitle "CBM 181"]
[Source "ChessBase"]
[SourceDate "2017.11.10"]
[SourceVersion "1"]
[SourceVersionDate "2017.11.10"]
[SourceQuality "1"]

1. d4 Nf6 2. c4 e6 3. Nf3 d5 4. Nc3 Bb4 5. cxd5 exd5 6. Bg5 Nbd7 7. Qc2 0-0 8. e3 c5 9. Bd3 Qa5 10. 0-0 c4 11. Bf5 Bxc3 12. bxc3 Re8 13. Nd2 g6 14. Bxd7 Nxd7 15. h4 Nb6 16. f3 Qa4 17. Qc1 f5 18. Re1 Be6 19. e4 Rac8 20. Re3 Kf7 21. Qe1 Qa3 22. Qg3 Qb2 23. Rae1 Qxd2 24. exf5 Qxe1+ 25. Rxe1 gxf5 26. Qf4 Kg8 27. Bf6 1-0

[Event "Douglas IoM op"]
[Site "Douglas"]
[Date "2017.09.23"]
[Round "1"]
[White "Ojas, Kulkarni"]
[Black "Allen, Keith"]
[Result "1-0"]
[WhiteElo "2289"]
[BlackElo "2231"]
[PlyCount "59"]
[EventDate "2017.09.23"]
[EventType "swiss"]
[EventRounds "9"]
[EventCountry "IOM"]
[SourceTitle "CBM 181"]
[Source "ChessBase"]
[SourceDate "2017.11.10"]
[SourceVersion "1"]
[SourceVersionDate "2017.11.10"]
[SourceQuality "1"]

1. c4 e6 2. g3 d5 3. Nf3 dxc4 4. Bg2 Nf6 5. Qa4+ Nbd7 6. Qxc4 a6 7. Qc2 Be7 8. 0-0 0-0 9. d4 Re8 10. Rd1 Ra7 11. Nc3 Nb8 12. e4 Bd7 13. d5 Qc8 14. Be3 Ra8 15. h3 exd5 16. e5 Bf5 17. Qb3 Nfd7 18. Nxd5 Nc6 19. Nd4 Nxd4 20. Bxd4 c6 21. Nxe7+ Rxe7 22. g4 Be6 23. Qa3 Qe8 24. f4 g6 25. Qg3 Rc8 26. f5 Bd5 27. Bxd5 cxd5 28. Rac1 Rxc1 29. Rxc1 Nxe5 30. f6 1-0

[Event "Blackpool op 41st"]
[Site "Blackpool"]
[Date "2017.03.12"]
[Round "5"]
[White "Allen, Keith"]
[Black "Wells, Jonathan C"]
[Result "0-1"]
[WhiteElo "2231"]
[BlackElo "2018"]
[PlyCount "28"]
[EventDate "2017.03.10"]
[EventType "swiss"]
[EventRounds "5"]
[EventCountry "ENG"]
[SourceTitle "CBM 177 Extra"]
[Source "ChessBase"]
[SourceDate "2017.04.27"]
[SourceVersion "1"]
[SourceVersionDate "2017.04.27"]
[SourceQuality "1"]

1. d4 Nf6 2. c4 g6 3. Nc3 d5 4. Nf3 Bg7 5. Qb3 dxc4 6. Qxc4 0-0 7. e4 Nc6 8. Be2 Bg4 9. Be3 Nd7 10. Rd1 Nb6 11. Qb3 Qd6 12. d5 Ne5 13. Nxe5 Bxe2 14. Nxf7 Bxd1 0-1

[Event "Blackpool op 41st"]
[Site "Blackpool"]
[Date "2017.03.10"]
[Round "1"]
[White "Allen, Keith"]
[Black "Hamer, Martyn"]
[Result "1-0"]
[WhiteElo "2231"]
[BlackElo "2042"]
[PlyCount "89"]
[EventDate "2017.03.10"]
[EventType "swiss"]
[EventRounds "5"]
[EventCountry "ENG"]
[SourceTitle "CBM 177 Extra"]
[Source "ChessBase"]
[SourceDate "2017.04.27"]
[SourceVersion "1"]
[SourceVersionDate "2017.04.27"]
[SourceQuality "1"]

1. d4 Nf6 2. c4 g6 3. g3 Bg7 4. Bg2 0-0 5. Nc3 d6 6. Nf3 Nc6 7. 0-0 a6 8. h3 Rb8 9. e4 b5 10. cxb5 axb5 11. Re1 e5 12. dxe5 dxe5 13. Bg5 Qe8 14. Rc1 Bd7 15. Nd5 Nxd5 16. exd5 Na5 17. Rxc7 Nc4 18. b3 Nd6 19. Qc1 f6 20. Be3 Rf7 21. Bc5 Bf8 22. Bb4 Ra8 23. a3 Qd8 24. Rc3 Qb6 25. g4 Nb7 26. Bxf8 Raxf8 27. Qe3 Qxe3 28. Rexe3 g5 29. Nd2 Nd6 30. Ne4 Nxe4 31. Bxe4 f5 32. gxf5 Bxf5 33. Bg2 e4 34. Rc5 Bg6 35. Re2 Ra7 36. Ra2 Rfa8 37. d6 Kf7 38. Rxg5 Rxa3 39. Rxa3 Rxa3 40. Rxb5 Ke6 41. h4 Ra6 42. h5 Bf5 43. d7 Rd6 44. Bf1 Kf6 45. Rb6 1-0

[Event "Douglas IoM op"]
[Site "Douglas"]
[Date "2016.10.04"]
[Round "4"]
[White "Visakh, Narayanan Rajeswari"]
[Black "Allen, Keith"]
[Result "1/2-1/2"]
[WhiteElo "2456"]
[BlackElo "2236"]
[PlyCount "98"]
[EventDate "2016.10.01"]
[EventType "swiss"]
[EventRounds "9"]
[EventCountry "IOM"]
[SourceTitle "EXT 2017"]
[Source "ChessBase"]
[SourceDate "2016.10.25"]
[SourceVersion "1"]
[SourceVersionDate "2016.10.25"]
[SourceQuality "1"]

1. d4 d5 2. c4 c6 3. Nf3 Nf6 4. e3 Bf5 5. Bd3 Bg6 6. 0-0 e6 7. Nc3 Nbd7 8. Qc2 Bb4 9. Bd2 a5 10. cxd5 Bxd3 11. Qxd3 exd5 12. a3 Be7 13. Ne2 Ne4 14. Bc3 0-0 15. Nd2 f5 16. f3 Nxd2 17. Bxd2 Bd6 18. e4 dxe4 19. fxe4 fxe4 20. Qxe4 Qe8 21. Rxf8+ Nxf8 22. Qd3 Qg6 23. Qc4+ Qe6 24. Qxe6+ Nxe6 25. Rc1 Kf7 26. Kf2 Ke7 27. Ke3 Nc7 28. Kd3 Nd5 29. g3 Rf8 30. Bxa5 Rf3+ 31. Kd2 Rf2 32. Rh1 b6 33. Bc3 Bxa3 34. Ke1 Rf3 35. Ng1 Rf8 36. Ne2 Bd6 37. Rf1 Ra8 38. Kd2 b5 39. Kd3 Ke6 40. Bd2 Rf8 41. Rxf8 Bxf8 42. Bf4 Kf5 43. h3 h5 44. Be5 g5 45. g4+ hxg4 46. Ng3+ Ke6 47. hxg4 c5 48. b3 c4+ 49. bxc4 bxc4+ 1/2-1/2

[Event "Douglas IoM op"]
[Site "Douglas"]
[Date "2016.10.01"]
[Round "1"]
[White "Allen, Keith"]
[Black "Donchenko, Alexander"]
[Result "0-1"]
[WhiteElo "2236"]
[BlackElo "2581"]
[PlyCount "74"]
[EventDate "2016.10.01"]
[EventType "swiss"]
[EventRounds "9"]
[EventCountry "IOM"]
[SourceTitle "EXT 2017"]
[Source "ChessBase"]
[SourceDate "2016.10.25"]
[SourceVersion "1"]
[SourceVersionDate "2016.10.25"]
[SourceQuality "1"]

1. d4 Nf6 2. c4 c5 3. d5 e6 4. Nc3 exd5 5. cxd5 d6 6. Bf4 g6 7. Nf3 Bg7 8. Qa4+ Bd7 9. Qb3 Qc7 10. e4 0-0 11. Nd2 Nh5 12. Be3 f5 13. exf5 Bxf5 14. Be2 Nf6 15. h3 Na6 16. a3 Rab8 17. 0-0 Qf7 18. Rad1 Nc7 19. Nc4 Rfd8 20. Bf4 Qf8 21. g4 Bc8 22. Bg3 Kh8 23. Kg2 b5 24. Na5 Re8 25. Nc6 Rb6 26. Bf3 Bb7 27. Nxa7 c4 28. Qb4 Nfxd5 29. Nxd5 Qxf3+ 30. Kxf3 Nxd5 31. Qxd6 Nc3+ 32. Kf4 Rxd6 33. Rxd6 Be5+ 34. Kg5 Ne4+ 35. Kh4 Bxd6 36. Bxd6 Nxd6 37. Rd1 Re6 0-1

[Event "BCF-chT3Nb 1516 (4NCL)"]
[Site "England"]
[Date "2016.01.17"]
[Round "4.125"]
[White "Allen, Keith"]
[Black "Berry, Neil"]
[Result "1/2-1/2"]
[WhiteElo "2228"]
[BlackElo "2362"]
[PlyCount "78"]
[EventDate "2015.11.14"]
[EventType "team-swiss"]
[EventRounds "7"]
[EventCountry "ENG"]
[SourceTitle "CBM 170 Extra"]
[Source "ChessBase"]
[SourceDate "2016.02.25"]
[SourceVersion "1"]
[SourceVersionDate "2016.02.25"]
[SourceQuality "1"]
[WhiteTeam "Manx Ravens"]
[BlackTeam "Alba"]
[WhiteTeamCountry "ENG"]
[BlackTeamCountry "ENG"]

1. d4 Nf6 2. c4 e6 3. Nc3 Bb4 4. Qc2 0-0 5. a3 Bxc3+ 6. Qxc3 b6 7. Bg5 Bb7 8. e3 d6 9. Ne2 Nbd7 10. Qc2 h6 11. Bh4 c5 12. Rd1 Qe7 13. Nc3 cxd4 14. Rxd4 Rfd8 15. f3 Ne5 16. Be2 Ng6 17. Bf2 e5 18. Rd1 d5 19. cxd5 Nxd5 20. Nxd5 Bxd5 21. 0-0 e4 22. f4 Nf8 23. Rc1 Ne6 24. b4 a5 25. f5 Nf8 26. Be1 Nd7 27. Qc7 Qe5 28. bxa5 Qxc7 29. Rxc7 bxa5 30. Bh4 Nf6 31. Bxf6 gxf6 32. Rd1 Bb3 33. Rdd7 Rxd7 34. Rxd7 Rc8 35. Ra7 Rc1+ 36. Kf2 Rc2 37. Kf1 Rc1+ 38. Kf2 Rc2 39. Kf1 Rc1+ 1/2-1/2

[Event "Douglas PokerStars op"]
[Site "Douglas"]
[Date "2015.10.09"]
[Round "7"]
[White "Allen, Keith"]
[Black "Hebden, Mark"]
[Result "1/2-1/2"]
[WhiteElo "2210"]
[BlackElo "2490"]
[PlyCount "212"]
[EventDate "2015.10.03"]
[EventType "swiss"]
[EventRounds "9"]
[EventCountry "IOM"]
[SourceTitle "CBM 168 Extra"]
[Source "ChessBase"]
[SourceDate "2015.10.29"]
[SourceVersion "1"]
[SourceVersionDate "2015.10.29"]
[SourceQuality "1"]

1. d4 Nf6 2. c4 g6 3. g3 Bg7 4. Bg2 0-0 5. Nf3 d6 6. Nc3 Nc6 7. 0-0 Rb8 8. h3 a6 9. e4 b5 10. cxb5 axb5 11. Re1 e6 12. a4 bxa4 13. Rxa4 Nb4 14. Be3 Bd7 15. Ra3 Bc6 16. Bg5 h6 17. Bc1 Ba8 18. Nh2 Nd7 19. Na2 Nxa2 20. Rxa2 c5 21. d5 exd5 22. exd5 Rb4 23. Ra4 Qb6 24. Re7 Nf6 25. Rea7 Bb7 26. Rxb4 Qxb4 27. Nf1 Re8 28. Ne3 h5 29. Ra4 Qb5 30. b3 Rb8 31. Nc4 Ne8 32. Bf4 Bf8 33. Ra5 Qd7 34. Qd3 Nc7 35. Ra2 Ba6 36. Qd1 Bxc4 37. bxc4 Qf5 38. Kh2 Ne8 39. Qc2 Qf6 40. h4 Bg7 41. Qe4 Qd8 42. Bg5 Nf6 43. Bxf6 Qxf6 44. Bf1 Qc3 45. Qd3 Qc1 46. Kg2 Be5 47. Qd2 Qxd2 48. Rxd2 Kg7 49. Bd3 Bd4 50. Ra2 Rb3 51. Be2 Kf6 52. Ra7 Rb2 53. Kf1 Rb1+ 54. Kg2 Re1 55. Bf1 Be5 56. Rd7 Ra1 57. Be2 Ra6 58. Kf1 Kg7 59. Kg2 Kf8 60. Kf1 Ra1+ 61. Kg2 Re1 62. Bf1 f5 63. Rb7 f4 64. gxf4 Bxf4 65. Bd3 g5 66. Rh7 Rd1 67. Be2 Rd2 68. Kf1 Kg8 69. Rxh5 Kg7 70. hxg5 Kg6 71. Rh6+ Kxg5 72. Rh3 Be5 73. Rh5+ Kf4 74. Rh4+ Kf5 75. Ke1 Ra2 76. Bd3+ Kg5 77. Re4 Bf4 78. Kf1 Rd2 79. Be2 Be5 80. f3 Bf4 81. Kf2 Ra2 82. Kg2 Be5 83. Kf2 Ra3 84. Kg2 Kf5 85. Kf2 Bd4+ 86. Kg3 Be3 87. Kg2 Bf4 88. Kf2 Kg5 89. Kg2 Ra8 90. Bd3 Rh8 91. Be2 Rh2+ 92. Kg1 Rh8 93. Kg2 Rf8 94. Kf2 Kh4 95. Kg2 Rg8+ 96. Kf2 Kg5 97. Kg2 Rb8 98. Kf2 Rb1 99. Kg2 Be5 100. Kf2 Bf4 101. Kg2 Rb7 102. Kf2 Rf7 103. Kg2 Be5 104. Kf2 Rf5 105. Kg2 Kf6 106. Kf2 Rf4 1/2-1/2

[Event "Douglas PokerStars op"]
[Site "Douglas"]
[Date "2015.10.07"]
[Round "5"]
[White "Allen, Keith"]
[Black "Hewson, Brian Wr"]
[Result "1-0"]
[WhiteElo "2210"]
[BlackElo "2059"]
[PlyCount "35"]
[EventDate "2015.10.03"]
[EventType "swiss"]
[EventRounds "9"]
[EventCountry "IOM"]
[SourceTitle "CBM 168 Extra"]
[Source "ChessBase"]
[SourceDate "2015.10.29"]
[SourceVersion "1"]
[SourceVersionDate "2015.10.29"]
[SourceQuality "1"]

1. d4 d5 2. c4 e6 3. Nc3 c6 4. e4 dxe4 5. Nxe4 Nd7 6. Nf3 Bb4+ 7. Bd2 Qe7 8. c5 Bxd2+ 9. Qxd2 Ngf6 10. Nd6+ Kf8 11. Ng5 e5 12. 0-0-0 Ne8 13. Ndxf7 exd4 14. Nxh8 Qxc5+ 15. Kb1 Ndf6 16. Rc1 Bf5+ 17. Ka1 Qd6 18. Ngf7 1-0

[Event "Bunratty Masters op 22nd"]
[Site "Bunratty"]
[Date "2015.02.21"]
[Round "4"]
[White "Allen, Keith"]
[Black "Fehr, Jukka"]
[Result "1-0"]
[WhiteElo "2210"]
[BlackElo "1973"]
[PlyCount "57"]
[EventDate "2015.02.20"]
[EventType "swiss"]
[EventRounds "6"]
[EventCountry "IRL"]
[SourceTitle "CBM 165 Extra"]
[Source "ChessBase"]
[SourceDate "2015.04.21"]
[SourceVersion "1"]
[SourceVersionDate "2015.04.21"]
[SourceQuality "1"]

1. d4 d5 2. c4 Nc6 3. Nc3 dxc4 4. Nf3 Nf6 5. Bg5 Bg4 6. d5 Bxf3 7. exf3 Ne5 8. Qd4 Nd3+ 9. Bxd3 cxd3 10. 0-0-0 h6 11. Bxf6 gxf6 12. Rxd3 Bg7 13. Re1 0-0 14. f4 Qd7 15. Qe4 Rae8 16. f5 Qc8 17. Rde3 e6 18. dxe6 fxe6 19. Qc4 Kh8 20. fxe6 f5 21. Nd5 b5 22. Qc5 f4 23. Re4 Rf5 24. Qc6 f3 25. g4 Rg5 26. e7 Kh7 27. Kb1 Rg6 28. Qc2 Qd7 29. Re6 1-0

[Event "Bunratty Masters op 22nd"]
[Site "Bunratty"]
[Date "2015.02.21"]
[Round "2"]
[White "Allen, Keith"]
[Black "Fox, Anthony"]
[Result "1-0"]
[WhiteElo "2210"]
[BlackElo "2036"]
[PlyCount "77"]
[EventDate "2015.02.20"]
[EventType "swiss"]
[EventRounds "6"]
[EventCountry "IRL"]
[SourceTitle "CBM 165 Extra"]
[Source "ChessBase"]
[SourceDate "2015.04.21"]
[SourceVersion "1"]
[SourceVersionDate "2015.04.21"]
[SourceQuality "1"]

1. d4 d5 2. c4 e6 3. Nc3 Nf6 4. cxd5 exd5 5. Bg5 c6 6. Qc2 h6 7. Bh4 g6 8. e3 Bf5 9. Bd3 Bxd3 10. Qxd3 Be7 11. Nf3 0-0 12. 0-0 Nbd7 13. Rab1 Re8 14. h3 a6 15. Bg3 Bf8 16. Nd2 a5 17. f3 b5 18. Rbc1 Nb6 19. b3 Rc8 20. Bh4 b4 21. Ne2 Be7 22. Rc2 Nfd7 23. Bf2 c5 24. Rfc1 cxd4 25. Rxc8 Nxc8 26. Nxd4 Ne5 27. Qb5 Na7 28. Qa6 Qb8 29. f4 Nd7 30. Qxa5 Nf6 31. Bh4 g5 32. fxg5 Ne4 33. Nxe4 dxe4 34. Qf5 Bf8 35. g6 Qb7 36. gxf7+ Qxf7 37. Qxf7+ Kxf7 38. Rc7+ Kg6 39. Rxa7 1-0

[Event "Douglas PokerStars op"]
[Site "Douglas"]
[Date "2014.10.11"]
[Round "8"]
[White "Allen, Keith"]
[Black "Bakalchuk, Johnatan"]
[Result "1/2-1/2"]
[WhiteElo "2197"]
[BlackElo "2317"]
[PlyCount "105"]
[EventDate "2014.10.04"]
[EventType "swiss"]
[EventRounds "9"]
[EventCountry "IOM"]
[SourceTitle "CBM 162 Extra"]
[Source "ChessBase"]
[SourceDate "2014.10.17"]
[SourceVersion "1"]
[SourceVersionDate "2014.10.17"]
[SourceQuality "1"]

1. d4 Nf6 2. c4 g6 3. g3 Bg7 4. Bg2 0-0 5. Nf3 d6 6. 0-0 Nc6 7. Nc3 a6 8. h3 Rb8 9. a3 b5 10. cxb5 axb5 11. d5 b4 12. axb4 Nxb4 13. Nd4 e6 14. Ra4 Bd7 15. Nc6 Bxc6 16. dxc6 d5 17. e4 d4 18. Na2 Nxa2 19. Rxa2 e5 20. Bg5 Qd6 21. Qc2 Rb6 22. Rc1 Rfb8 23. Bf1 Qe6 24. b4 Rxb4 25. Bd2 R4b6 26. Ba5 Rxc6 27. Qxc6 Qxa2 28. Qxc7 Ra8 29. Be1 Qe6 30. Qb7 Rd8 31. Ba5 Re8 32. Rc2 Rf8 33. Bb4 d3 34. Bxd3 Rd8 35. Bf1 h5 36. Kg2 Rd4 37. Qc8+ Qxc8 38. Rxc8+ Kh7 39. Bc3 Ra4 40. Bxe5 Nxe4 41. Bxg7 Kxg7 42. Bd3 Nd6 43. Rc6 Rd4 44. Bc2 g5 45. Kf3 Nc4 46. Rc5 f6 47. Rc7+ Kf8 48. Bf5 h4 49. Rc8+ Ke7 50. Rc7+ Kd8 51. Rc8+ Ke7 52. Rc7+ Kd8 53. Rc8+ 1/2-1/2

[Event "Douglas PokerStars op"]
[Site "Douglas"]
[Date "2014.10.06"]
[Round "3"]
[White "Allen, Keith"]
[Black "Van den Bersselaar, Jeroen"]
[Result "1/2-1/2"]
[WhiteElo "2197"]
[BlackElo "2119"]
[PlyCount "75"]
[EventDate "2014.10.04"]
[EventType "swiss"]
[EventRounds "9"]
[EventCountry "IOM"]
[SourceTitle "CBM 162 Extra"]
[Source "ChessBase"]
[SourceDate "2014.10.17"]
[SourceVersion "1"]
[SourceVersionDate "2014.10.17"]
[SourceQuality "1"]

1. d4 d5 2. c4 c6 3. Nf3 Nf6 4. e3 e6 5. Bd3 Nbd7 6. Nbd2 Bd6 7. 0-0 0-0 8. b3 e5 9. cxd5 cxd5 10. dxe5 Nxe5 11. Nxe5 Bxe5 12. Rb1 Bg4 13. f3 Bd7 14. Rf2 Re8 15. Nf1 Rc8 16. Bb2 Bxb2 17. Rfxb2 Qa5 18. Qd2 Qb6 19. Rd1 h5 20. Rc2 Rxc2 21. Qxc2 Rc8 22. Qe2 a5 23. Ng3 Rc3 24. Qd2 Rc8 25. Kf2 Qc5 26. Bb1 a4 27. Ne2 axb3 28. axb3 Qa3 29. Nd4 g6 30. Bc2 Kg7 31. Qc1 Qa5 32. Qb2 h4 33. b4 Qc7 34. Kg1 Re8 35. Rd3 Rc8 36. Rd2 Re8 37. Rd3 Rc8 38. Rd2 1/2-1/2

[Event "Douglas PokerStars op"]
[Site "Douglas"]
[Date "2014.10.05"]
[Round "2"]
[White "Boruchovsky, Avital"]
[Black "Allen, Keith"]
[Result "1-0"]
[WhiteElo "2501"]
[BlackElo "2197"]
[PlyCount "87"]
[EventDate "2014.10.04"]
[EventType "swiss"]
[EventRounds "9"]
[EventCountry "IOM"]
[SourceTitle "CBM 162 Extra"]
[Source "ChessBase"]
[SourceDate "2014.10.17"]
[SourceVersion "1"]
[SourceVersionDate "2014.10.17"]
[SourceQuality "1"]

1. e4 e5 2. Nf3 Nc6 3. Bb5 a6 4. Ba4 Nf6 5. 0-0 Be7 6. Re1 b5 7. Bb3 d6 8. c3 0-0 9. h3 Bb7 10. d4 Re8 11. Nbd2 Bf8 12. d5 Nb8 13. Nf1 Nbd7 14. Ng3 Nc5 15. Bc2 c6 16. b4 Ncd7 17. dxc6 Bxc6 18. Nf5 Nb6 19. Nh2 d5 20. Bg5 h6 21. Bxf6 Qxf6 22. Ng4 Qd8 23. Qf3 Re6 24. Qg3 Qg5 25. exd5 Nxd5 26. Rad1 h5 27. Nxe5 Qxg3 28. fxg3 Nxc3 29. Nd4 Nxd1 30. Nxe6 fxe6 31. Nxc6 Nb2 32. Rxe6 Kf7 33. Bb3 Nc4 34. Re4 Rc8 35. Bxc4+ bxc4 36. Rxc4 Kf6 37. Kf2 g5 38. a3 Bd6 39. Ne5 Rxc4 40. Nxc4 Bc7 41. Kf3 Kf5 42. g4+ hxg4+ 43. hxg4+ Ke6 44. Ke4 1-0

[Event "Douglas PokerStars op"]
[Site "Douglas"]
[Date "2014.10.04"]
[Round "1"]
[White "Allen, Keith"]
[Black "Greenfeld, Alon"]
[Result "0-1"]
[WhiteElo "2197"]
[BlackElo "2542"]
[PlyCount "162"]
[EventDate "2014.10.04"]
[EventType "swiss"]
[EventRounds "9"]
[EventCountry "IOM"]
[SourceTitle "CBM 162 Extra"]
[Source "ChessBase"]
[SourceDate "2014.10.17"]
[SourceVersion "1"]
[SourceVersionDate "2014.10.17"]
[SourceQuality "1"]

1. d4 Nf6 2. c4 g6 3. g3 c5 4. d5 b5 5. cxb5 a6 6. bxa6 Bg7 7. Nc3 0-0 8. Bg2 d6 9. Nf3 Nbd7 10. 0-0 Nb6 11. Ne1 Nfd7 12. Nd3 Nc4 13. Qc2 Qa5 14. a3 Bxa6 15. Bh3 Nde5 16. b4 cxb4 17. Nxb4 Bc8 18. Bg2 Bf5 19. Qb3 Rfc8 20. Ra2 Rc7 21. Ne4 Rb7 22. Nc3 Rc7 23. Ne4 Bd7 24. Qb1 Rac8 25. Nd2 Bf5 26. Qb3 Ne3 27. Qxe3 Rxc1 28. Nc6 Rxf1+ 29. Nxf1 Nxc6 30. dxc6 Bf6 31. Nd2 d5 32. h3 Rxc6 33. g4 Be6 34. Nf3 d4 35. Qd2 Qc7 36. Ra1 Rc2 37. Qd3 Rc3 38. Qe4 Rc1+ 39. Rxc1 Qxc1+ 40. Kh2 Qxa3 41. Ne1 h5 42. Bf3 hxg4 43. hxg4 Qd6+ 44. Kg2 Qe5 45. Qxe5 Bxe5 46. e3 dxe3 47. fxe3 Kg7 48. Nd3 Bd6 49. Nf4 Bd7 50. Kf2 Kf6 51. Nh3 Bc8 52. Kg2 Bc5 53. Kf2 Bd7 54. Ke2 Bb5+ 55. Kf2 Bc4 56. Bd1 Bb6 57. Bf3 e5 58. Be4 Bb3 59. Ke2 Ba7 60. Bc6 Bc2 61. Bd5 Ke7 62. Ng5 f6 63. Ne4 Bb6 64. Kd2 Ba4 65. Ke2 f5 66. gxf5 gxf5 67. Nd2 Kf6 68. Nc4 Bb5 69. Kf3 e4+ 70. Ke2 Bc5 71. Kd2 Ba6 72. Bg8 Bc8 73. Ke2 Kg5 74. Ne5 Kh4 75. Kf2 Bd6 76. Ng6+ Kg5 77. Bf7 Bd7 78. Nh8 Kf6 79. Bh5 Bc7 80. Kg2 Bb6 81. Kf2 f4 0-1